000 00238nam a2200097Ia 4500
001 681565
005 20250826161402.0
008 250824s9999 xx 000 0 und d
245 0 _aYALNIZ EFE
_cÖMER SEYFETTİN
260 _bAKVARYUM YAYINEVİ
999 _c681565
_d681565